Submersible sewage pumping systems handbook. (Record no. 11879)
[ view plain ]
| 000 -LEADER | |
|---|---|
| fixed length control field | 01101cam a2200289 a 4500 |
| 001 - CONTROL NUMBER | |
| control field | 3351751 |
| 005 - DATE AND TIME OF LATEST TRANSACTION | |
| control field | 19861210000000.0 |
| 008 - FIXED-LENGTH DATA ELEMENTS--GENERAL INFORMATION | |
| fixed length control field | 860807t19861985miua 001 0 eng |
| 010 ## - LIBRARY OF CONGRESS CONTROL NUMBER | |
| LC control number | 86020056 |
| 020 ## - INTERNATIONAL STANDARD BOOK NUMBER | |
| International Standard Book Number | 0873710851 |
| Terms of availability | $27.95 |
| 040 ## - CATALOGING SOURCE | |
| Original cataloging agency | DLC |
| Transcribing agency | DLC |
| Modifying agency | DLC |
| 050 00 - LIBRARY OF CONGRESS CALL NUMBER | |
| Classification number | TD725 |
| Item number | .S83 1986 |
| 082 00 - DEWEY DECIMAL CLASSIFICATION NUMBER | |
| Classification number | 628.29 |
| Edition number | 22 |
| Item number | SUB |
| 245 00 - TITLE STATEMENT | |
| Title | Submersible sewage pumping systems handbook. |
| 250 ## - EDITION STATEMENT | |
| Edition statement | 1st hardbound ed. |
| 260 ## - PUBLICATION, DISTRIBUTION, ETC. (IMPRINT) | |
| Place of publication, distribution, etc | Chelsea, Mich., USA : |
| Name of publisher, distributor, etc | Lewis Publishers, |
| Date of publication, distribution, etc | 1986 |
| 300 ## - PHYSICAL DESCRIPTION | |
| Extent | vii, 120 p. : |
| Other physical details | ill. ; |
| Dimensions | 24 cm. |
| 500 ## - GENERAL NOTE | |
| General note | At head of title: SWPA. |
| 500 ## - GENERAL NOTE | |
| General note | Includes index. |
| 650 #0 - SUBJECT ADDED ENTRY--TOPICAL TERM | |
| Topical term or geographic name as entry element | Pumping stations |
| General subdivision | Handbooks, manuals, etc. |
| 9 (RLIN) | 6350 |
| 650 #0 - SUBJECT ADDED ENTRY--TOPICAL TERM | |
| Topical term or geographic name as entry element | Submersible pumps |
| General subdivision | Handbooks, manuals, etc. |
| 9 (RLIN) | 6351 |
| 650 #0 - SUBJECT ADDED ENTRY--TOPICAL TERM | |
| Topical term or geographic name as entry element | Sewage disposal |
| General subdivision | Equipment and supplies |
| -- | Handbooks, manuals, etc. |
| 9 (RLIN) | 6352 |
| 700 1# - ADDED ENTRY--PERSONAL NAME | |
| Personal name | Andersson, A. Bo, |
| Dates associated with a name | 1948- |
| 9 (RLIN) | 6353 |
| 710 2# - ADDED ENTRY--CORPORATE NAME | |
| Corporate name or jurisdiction name as entry element | Submersible Wastewater Pump Association (U.S.) |
| 9 (RLIN) | 6354 |
| 942 ## - ADDED ENTRY ELEMENTS (KOHA) | |
| Source of classification or shelving scheme | Dewey Decimal Classification |
| Item type | Book - Borrowing |
| Withdrawn status | Item status | Source of classification or shelving scheme | Damaged status | Not for loan | Vendor | Home library | Current library | Shelving location | Date acquired | Source of acquisition | Cost, normal purchase price | Total Checkouts | Total Renewals | Full call number | Barcode | Date last seen | Date last borrowed | Koha item type |
|---|---|---|---|---|---|---|---|---|---|---|---|---|---|---|---|---|---|---|
| Dewey Decimal Classification | Alef-Baa | Central Library | Central Library | First floor | 17/06/2009 | 150.00 | 1 | 1 | 628.29 SUB | 000016823 | 15/07/2025 | 29/11/2014 | Book - Borrowing |